000 00555cam a22001457a 4500
008 180718b2000 xxu||||| |||| 00| 0 eng d
082 _aA81x54 91/17/PT8/1
100 _aCensus of India 1991
245 _aMizoram: special tables on scheduled castes
260 _aDelhi
_bThe Controller of Publications
_c2000
300 _a178+p.
440 _aCensus of India 1991. Series-17, Mizoram. Part-VIII (i)
500 _aTables SC-1, SC-2, SC-3, SC-4, SC-5, SC-6, SC-7, SC-8, SC-9, SC-10, SC-11, SC-12, SC-13, SC-14
650 _aMizoram - Untouchables - Census
999 _c491561
_d491561